[Event "Dresden Vdes op"]
[Site "Dresden"]
[Date "2000.01.29"]
[Round "6"]
[White "Neugebauer, Josef"]
[Black "Hochholzer, Dieter"]
[Result "0-1"]
[WhiteElo "1754"]
[BlackElo "1561"]
[PlyCount "123"]
[EventDate "2000.01.26"]
[EventType "swiss"]
[EventRounds "7"]
[EventCountry "GER"]
[SourceTitle "EXT 2001"]
[Source "ChessBase"]
[SourceDate "2000.11.22"]
[SourceVersion "1"]
[SourceVersionDate "2000.11.22"]
[SourceQuality "1"]

1. e4 e6 2. d4 g6 3. Nf3 Bg7 4. c4 Ne7 5. Nc3 0-0 6. Bd3 b6 7. 0-0 Bb7 8. Bg5 f6 9. Bh4 d6 10. Rc1 Nd7 11. Qb3 c5 12. Nb5 cxd4 13. Nfxd4 Nc5 14. Qc2 e5 15. Nf3 a6 16. Nc3 g5 17. Bg3 h5 18. h4 Bh6 19. Rcd1 Rc8 20. Nd5 Nxd5 21. exd5 Qe7 22. Rfe1 Qg7 23. Bf5 Rc7 24. b4 Nd7 25. Nd2 Rfc8 26. Qa4 Kh8 27. Ne4 Qe7 28. Bxd7 Rxd7 29. Nxf6 b5 30. cxb5 Qxf6 31. Bxe5 dxe5 32. bxa6 Rf7 33. axb7 Qxf2+ 34. Kh1 Qxh4+ 35. Kg1 Qf2+ 36. Kh1 Rxb7 37. Qa6 Qb6 38. Qxb6 Rxb6 39. Rxe5 Rxb4 40. d6 Rd8 41. d7 Rbb8 42. a4 Kg7 43. Re6 g4 44. g3 Bg5 45. a5 Rb5 46. a6 Ra5 47. Rdd6 Kf7 48. Re2 Be7 49. Rh6 Rxd7 50. Rh7+ Kf8 51. Rb2 Kg8 52. Rh6 Kg7 53. Rhb6 Rd1+ 54. Kg2 Raa1 55. Rb7 Rg1+ 56. Kh2 Rge1 57. a7 Kg6 58. R7b6+ Bf6 59. Rc2 Rxa7 60. Rf2 Rf7 61. Kg2 Kg7 62. Rb5 0-1